| 000 | 00680nam a2200217Ia 4500 | ||
|---|---|---|---|
| 003 | GCL | ||
| 008 | 140319s9999 xx 000 0 ara d | ||
| 040 |
_aGCL / _cGCL |
||
| 082 | 0 | 4 |
_a811.9 _bا ع |
| 100 | 1 | _aابراهيم اليازجى | |
| 245 | 1 | 0 |
_aالعقد : ديوان الشيخ ابراهيم اليازجى / _cابراهيم اليازجى |
| 700 | 1 | _aفاروق عبود (تقديم) | |
| 260 |
_aبيروت : _bدار فاروق عبود ، _c1983 |
||
| 300 | _a206 ص | ||
| 490 | _a | ||
| 650 | 0 | 4 | _aالشعر العربى |
| 650 | 0 | 4 | _aالادب العربى |
| 650 | 0 | 4 | _aدواوين وقصائد |
| 650 | 0 | 4 | _aالمجموعات |
| 942 |
_2ddc _cBK |
||
| 999 |
_c55258 _d55258 |
||